UEFA Champions League top scorers by year - Statistics

General Stats
  • This quiz has been taken 39 times
  • The average score is 21 of 26
Answer Stats
Picture Hint Answer % Correct
2007/08 Cristiano Ronaldo
100%
2012/13, 2013/14, 2014/2015, 2015/16, 2016/17, 2017/18 Cristiano Ronaldo
100%
2020/21 Erling Haaland
100%
2022/23 Erling Haaland
100%
2023/24 Harry Kane
100%
2006/07 Kaka
100%
2021/22 Karim Benzema
100%
2023/24 Kylian Mbappe
100%
2008/09, 2009/10, 2010/11, 2011/12, 2014/15, 2018/19 Lionel Messi
100%
2014/15 Neymar
100%
2019/20 Robert Lewandowski
100%
1999/00, 2000/01 Raul
94%
1999/00 Rivaldo
94%
2001/02, 2002/03, 2004/05 Ruud Van Nistelrooy
89%
1997/98 Alessandro Del Piero
83%
1998/99 Andriy Shevchenko
83%
2005/06 Andriy Shevchenko
83%
1993/94 Ronald Koeman
83%
1998/99 Dwight Yorke
77%
1995/96 Jari Litmanen
66%
1992/93 Romario
66%
1994/95 George Weah
63%
2003/04 Fernando Morientes
54%
1999/00 Mario Jardel
43%
1996/97 Milinko Pantic
17%
1993/94 Wynton Rufer
6%
No matching quizzes found
Score Distribution
Percent of People with Each Score
Percentile by Number Answered
Your Score History
You have not taken this quiz